Most expensive football transfers by season - Statistics

General Stats
  • This quiz has been taken 44 times
  • The average score is 21 of 25
Answer Stats
Season Fee (M €) Nationality Left Joined Player % Correct
2017-2018 222,00 Brazil Barcelona Paris SG Neymar
98%
2009-2010 94,00 Portugal Manchester United Real Madrid Cristiano Ronaldo
95%
2013-2014 101,00 Wales Tottenham Real Madrid Gareth Bale
95%
2018-2019 180,00 France Monaco Paris SG Kylian Mbappé
95%
2014-2015 81,72 Uruguay Liverpool Barcelona Luis Suárez
95%
2019-2020 127,20 Portugal Benfica Atlético Madrid João Félix
93%
2023-2024 116,60 England West Ham Arsenal Declan Rice
90%
2015-2016 76,00 Belgium VfL Wolfsburg Manchester City Kevin De Bruyne
90%
2016-2017 105,00 France Juventus Manchester United Paul Pogba
90%
2006-2007 43,88 Ukraine AC Milan Chelsea Andriy Shevchenko
88%
2003-2004 37,50 England Manchester Utd Real Madrid David Beckham
88%
2022-2023 121,00 Argentina Benfica Chelsea Enzo Fernández
88%
2007-2008 38,00 Spain Atlètico Madrid Liverpool Fernando Torres
88%
2010-2011 58,50 Spain Liverpool Chelsea Fernando Torres
88%
2001-2002 77,50 France Juventus Real Madrid Zinédine Zidane
88%
2004-2005 38,50 Ivory Coast Marseille Chelsea Didier Drogba
85%
2021-2022 117,50 England Aston Villa Manchester City Jack Grealish
85%
2000-2001 60,00 Portugal Barcelona Real Madrid Luís Figo
85%
2012-2013 42,00 Brazil AC MIlan Paris SG Thiago Silva
78%
2020-2021 80,60 Brazil Barcelona Juventus Arthur Melo
75%
2005-2006 38,00 Ghana Olympique Lyon Chelsea Michael Essien
75%
2008-2009 43,00 Brazil Real Madrid Manchester City Robinho
75%
2002-2003 46,00 England Leeds Manchester Utd Rio Ferdinand
65%
2011-2012 42,00 Argentina US Palermo Paris SG Javier Pastore
60%
1999-2000 46,48 Italy Lazio Inter Christian Vieri
48%
No matching quizzes found
Score Distribution
Percent of People with Each Score
Percentile by Number Answered
Your Score History
You have not taken this quiz